<?xml version="1.0" encoding="UTF-8"?>
<record
    xmlns:xsi="http://www.w3.org/2001/XMLSchema-instance"
    xsi:schemaLocation="http://www.loc.gov/MARC21/slim http://www.loc.gov/standards/marcxml/schema/MARC21slim.xsd"
    xmlns="http://www.loc.gov/MARC21/slim">

  <leader>01003nam a2200205 a 4500</leader>
  <controlfield tag="008">171103e2015    ag ||||g |||| 00| f spa d</controlfield>
  <datafield tag="020" ind1=" " ind2=" ">
    <subfield code="a">9789873874123</subfield>
  </datafield>
  <datafield tag="041" ind1=" " ind2=" ">
    <subfield code="a">spa</subfield>
  </datafield>
  <datafield tag="092" ind1=" " ind2=" ">
    <subfield code="c">808</subfield>
    <subfield code="l">17</subfield>
    <subfield code="s">DOW</subfield>
  </datafield>
  <datafield tag="100" ind1="1" ind2=" ">
    <subfield code="a">Downey, Tom&#xE1;s</subfield>
    <subfield code="9">3325</subfield>
  </datafield>
  <datafield tag="245" ind1=" " ind2=" ">
    <subfield code="a">Ac&#xE1; el tiempo es otra cosa /</subfield>
    <subfield code="c">Tom&#xE1;s Downey</subfield>
  </datafield>
  <datafield tag="250" ind1=" " ind2=" ">
    <subfield code="a">1a ed.</subfield>
  </datafield>
  <datafield tag="260" ind1=" " ind2=" ">
    <subfield code="a">Buenos Aires:</subfield>
    <subfield code="b">Interzona;</subfield>
    <subfield code="c">2015.</subfield>
  </datafield>
  <datafield tag="300" ind1=" " ind2=" ">
    <subfield code="a">126 p.</subfield>
  </datafield>
  <datafield tag="500" ind1=" " ind2=" ">
    <subfield code="a">Downey, T. (2015). Ac&#xE1; el tiempo es otra cosa. (1a ed.). Buenos Aires : Interzona.</subfield>
  </datafield>
  <datafield tag="505" ind1=" " ind2=" ">
    <subfield code="a">Dieciocho cuentos extra&#xF1;os que oscilan entre el g&#xE9;nero fant&#xE1;stico, el terror y cierto naturalismo enrarecido. Atravesados por un cinismo que no renuncia a la ternura, los relatos breves de Ac&#xE1; el tiempo es otra cosa ensayan variables en las que todo puede salir mal. Los personajes de Tom&#xE1;s Downey se entregan a su destino con una resignaci&#xF3;n que se parece demasiado a la felicidad. </subfield>
  </datafield>
  <datafield tag="590" ind1=" " ind2=" ">
    <subfield code="a">Donacion Fondo Nacional de las Artes Oct2017</subfield>
  </datafield>
  <datafield tag="655" ind1=" " ind2=" ">
    <subfield code="a">Literatura</subfield>
    <subfield code="9">2917</subfield>
  </datafield>
  <datafield tag="942" ind1=" " ind2=" ">
    <subfield code="2">ddc</subfield>
    <subfield code="c">LIT</subfield>
  </datafield>
  <datafield tag="999" ind1=" " ind2=" ">
    <subfield code="c">2537</subfield>
    <subfield code="d">2537</subfield>
  </datafield>
  <datafield tag="952" ind1=" " ind2=" ">
    <subfield code="0">0</subfield>
    <subfield code="1">0</subfield>
    <subfield code="2">ddc</subfield>
    <subfield code="4">0</subfield>
    <subfield code="7">0</subfield>
    <subfield code="a">BFM</subfield>
    <subfield code="b">BFM</subfield>
    <subfield code="c">CR</subfield>
    <subfield code="d">2017-11-03</subfield>
    <subfield code="e">Donacion</subfield>
    <subfield code="l">0</subfield>
    <subfield code="o">808;17;DOW</subfield>
    <subfield code="p">4011</subfield>
    <subfield code="r">2017-11-03</subfield>
    <subfield code="t">Ej. 1</subfield>
    <subfield code="w">2017-11-03</subfield>
    <subfield code="y">LIT</subfield>
    <subfield code="z">Donacion Fondo Nacional de las Artes Oct2017</subfield>
  </datafield>
</record>
